Adolf Loos: 1870-1933 /

Gespeichert in:
Bibliographische Detailangaben
1. Verfasser: Sarnitz, August (Verfasst von)
Format: Buch
Veröffentlicht: Praha : Slovart, 2004
Schlagworte:
Tags: Tag hinzufügen
Keine Tags, Fügen Sie das erste Tag hinzu!

MARC

LEADER 00000nam a22000003a 4500
001 stu92439
005 20191204095248.5
008 050114s2004----------------------------d
020 |a 8072096133 
040 |a STU  |b slo 
100 1 |a Sarnitz, August  |4 aut 
245 1 |a Adolf Loos: 1870-1933 /  |c aut. August Sarnitz 
260 |a Praha :  |b Slovart,  |c 2004 
300 |a 96 s 
650 7 |a životopisy  |2 stusub 
650 7 |a Loos Adolf  |2 stusub 
650 7 |a architekti európski  |2 stusub 
996 |b 284AU08173  |c A*4176  |l AAKNAR  |s A  |a 24  |w stu92439_0001 
996 |b 284AU05096  |c A*7826 U  |l AAKNST  |s P  |a 0  |w stu92439_0002